| 000 | 01054nam a2200313 c 4500 | ||
|---|---|---|---|
| 001 | 23326 | ||
| 003 | ES-MaCES | ||
| 005 | 20141221122834.0 | ||
| 008 | 100928s2010 sp t o000 | spa d | ||
| 017 |
_aM 31550-2010 _bDL |
||
| 035 | _aCES20100007962m | ||
| 040 |
_aES-MaCES _bspa _cES-MaCES |
||
| 245 | 0 | 0 | _aInformes elaborados por el Consejo Económico y Social de la Comunidad de Madrid en 2009 |
| 250 | _a1ª ed | ||
| 260 |
_aMadrid _bCES, Comunidad de Madrid _c2010 |
||
| 300 |
_a535 p. _c23 cm |
||
| 500 | _aTít. de la cub.: Informes 2009 Memoria | ||
| 541 | _cGratuito | ||
| 650 | 4 |
_aMadrid (Comunidad Autónoma) _930777 |
|
| 650 | 4 |
_ainforme _928986 |
|
| 650 | 4 |
_a2009 _931942 |
|
| 653 | 1 | 0 | _aInformes CES |
| 710 | 2 |
_aConsejo Económico y Social (Madrid) _92424 |
|
| 740 | 0 | 2 | _aInformes 2009 Memoria |
| 787 | 0 |
_tInformes elaborados por el Consejo Económico y Social de la Comunidad de Madrid en 2008 _w(ES-MaCES)22454 |
|
| 902 | _aLIB Libro | ||
| 942 |
_2CES _cBK _h6.0.12. |
||
| 999 |
_c23326 _d23326 |
||